Statistics for Belgium Flag Provinces

Click here to take the quiz!

General Stats

  • This quiz has been taken 15 times
  • The average score is 8 of 11

Answer Stats

Answer% Correct
Brussels
92%
West Flanders
85%
Antwerp
77%
East Flanders
77%
Liege
77%
Luxembourg
77%
Hainaut
69%
Limburg
69%
Flemish Brabant
62%
Namur
54%
Walloon Brabant
54%

Score Distribution

Percentile by Number Answered

Percent of People with Each Score

Your Score History

You have not taken this quiz